| 000 | 00543nam a2200193Ia 4500 | ||
|---|---|---|---|
| 001 | 2981 | ||
| 008 | 220909s1920 ii a g b000 u 465 u | ||
| 082 | _a297.122 | ||
| 100 | _aAli, Muhammad . | ||
| 245 | 0 |
_aThe Holy Quran / _cMuhammad Ali. _hTextual Documents |
|
| 250 | _a2nd Ed. / | ||
| 260 |
_aLahore : _bAhmadiyya Anjuman-I-Ishaat-Islam , _c1920. |
||
| 300 |
_a1275p. : _bFigures ; _c23 cm . |
||
| 653 | _aReligion-Islam | ||
| 653 | _aIslamic Religion | ||
| 653 | _aG-Arabic & Persian | ||
| 653 | _aT/G-Arabic&Persian | ||
| 942 |
_2ddc _cBK |
||
| 999 |
_c2969 _d2969 |
||